Educación y pobreza en América Latina /
Сохранить в:
| Главный автор: | |
|---|---|
| Формат: | Текст |
| Предметы: | |
| Метки: |
Добавить метку
Нет меток, Требуется 1-ая метка записи!
|
MARC
| LEADER | 00000 a a2200000 04500 | ||
|---|---|---|---|
| 001 | 5031 | ||
| 003 | |||
| 040 | |||
| 100 | |a Schwartzman, Simon | ||
| 245 | |a Educación y pobreza en América Latina / |c Simon Schwartzman | ||
| 650 | |a POBREZA | ||
| 650 | |a EDUCACION | ||
| 650 | |a POLITICA SOCIAL | ||
| 650 | |a BRASIL | ||
| 650 | |a AMERICA LATINA | ||
| 773 | |g volumen 22, número 4; páginas 11-40 | ||
| 999 | |c 27690 |d 27690 | ||
